Мой родной Московский... "Ради жизни на земле..." (Запись № 895139)

Подробности
000 -МАРКЕР
контрольное поле 02518nam0a2200433 4500
001 - ИДЕНТИФИКАТОР ЗАПИСИ
контрольное поле RU\NLR\bibl\158846
005 - ИДЕНТИФИКАТОР ВЕРСИИ
контрольное поле 20260407064113.0
010 ## - МЕЖДУНАРОДНЫЙ СТАНДАРТНЫЙ НОМЕР КНИГИ (ISBN)
Номер (ISBN) 5-88143-068-9
Уточнения В пер.
Тираж 3000
021 ## - НОМЕР ГОСУДАРСТВЕННОЙ РЕГИСТРАЦИИ
Код страны Российская Федерация
Номер 2001-2092
Номер Листа государственной регистраци 110
035 ## - ДРУГИЕ СИСТЕМНЫЕ НОМЕРА
Идентификатор записи (NLR Aleph) 000155804
100 ## - ДАННЫЕ ОБЩЕЙ ОБРАБОТКИ
Данные общей обработки 20010316d2000 |||y0rusy50 ca
101 0# - ЯЗЫК РЕСУРСА
Язык текста, звукозаписи и т.д. русский
102 ## - СТРАНА ПУБЛИКАЦИИ ИЛИ ПРОИЗВОДСТВА
Страна публикации Российская Федерация
105 ## - ПОЛЕ КОДИРОВАННЫХ ДАННЫХ: ТЕКСТОВЫЕ МАТЕРИАЛЫ, МОНОГРАФИЧЕСКИЕ
Кодированные данные о монографическом текстовом документе a z||||||||
200 1# - ЗАГЛАВИЕ И СВЕДЕНИЯ ОБ ОТВЕТСТВЕННОСТИ
Основное заглавие Мой родной Московский... "Ради жизни на земле..."
Сведения, относящиеся к заглавию воспоминания ветеранов и лучшие работы школьников Московского района - участников конкурса, посвященного 55-летию Победы
Первые сведения об ответственности Территор. упр. Моск. адм. р-на г. Санкт-Петербурга, Упр. образования Моск. р-на, Науч.-метод. центр Упр. образования Моск. р-на
Последующие сведения об ответственности [сост. Белотелова А.Н. и др.
-- под общ. ред. Ивановой О.В.]
210 ## - ПУБЛИКАЦИЯ, РАСПРОСТРАНЕНИЕ И ДР.
Место издания, распространения и т.д. Санкт-Петербург
Имя издателя, распространителя и т. д. Петроградский и К°
Дата издания, распространения и т.д. 2000
215 ## - ФИЗИЧЕСКАЯ ХАРАКТЕРИСТИКА
Специфическое обозначение материала и объем 264 с., [12] л. ил.
Другие сведения о физической характеристике ил.
Размеры 22
606 0# - НАИМЕНОВАНИЕ ТЕМЫ КАК ПРЕДМЕТ
Наименование темы Великая Отечественная война
Формальный подзаголовок Воспоминания, записки и т.п.
Хронологический подзаголовок 1941 - 1945
Системный номер авторитетной/нормативной записи 903571
Идентификатор авторитетной/нормативной записи RU\NLR\auth\668893
606 1# - НАИМЕНОВАНИЕ ТЕМЫ КАК ПРЕДМЕТ
Наименование темы Краеведческая работа
Формальный подзаголовок Сборники
Тематический подзаголовок Средняя школа
Географический подзаголовок Санкт-Петербург, город
Системный номер авторитетной/нормативной записи 2107072
Идентификатор авторитетной/нормативной записи RU\NLR\AUTH\661273756
606 0# - НАИМЕНОВАНИЕ ТЕМЫ КАК ПРЕДМЕТ
Наименование темы Краеведение в школе
Формальный подзаголовок Сборники
Географический подзаголовок Санкт-Петербург, город
Системный номер авторитетной/нормативной записи 1012744
Идентификатор авторитетной/нормативной записи RU\NLR\auth\6668139
610 0# - НЕКОНТРОЛИРУЕМЫЕ ПРЕДМЕТНЫЕ ТЕРМИНЫ
Предметный термин Ленинградцы в Великой Отечественной войне 1941-1945 гг.
610 0# - НЕКОНТРОЛИРУЕМЫЕ ПРЕДМЕТНЫЕ ТЕРМИНЫ
Предметный термин Краеведческая работа в школе
610 0# - НЕКОНТРОЛИРУЕМЫЕ ПРЕДМЕТНЫЕ ТЕРМИНЫ
Предметный термин Санкт-Петербург, история
675 ## - УНИВЕРСАЛЬНАЯ ДЕСЯТИЧНАЯ КЛАССИФИКАЦИЯ (UDC/УДК)
Индекс 94(470.23-25)"1941/1945"
Издание 3
Язык издания rus
686 ## - ИНДЕКСЫ ДРУГИХ КЛАССИФИКАЦИЙ
Индекс 03.19
Код системы
686 ## - ИНДЕКСЫ ДРУГИХ КЛАССИФИКАЦИЙ
Индекс 63.3(2)622
Код системы
686 ## - ИНДЕКСЫ ДРУГИХ КЛАССИФИКАЦИЙ
Индекс Т3(2)722,013
686 ## - ИНДЕКСЫ ДРУГИХ КЛАССИФИКАЦИЙ
Индекс Ч421.385.44
701 #1 - ИМЯ ЛИЦА - АЛЬТЕРНАТИВНАЯ ОТВЕТСТВЕННОСТЬ
Начальный элемент ввода Белотелова
Часть имени, кроме начального элемента ввода А. Н.
Код отношения Автор
702 #1 - ИМЯ ЛИЦА - ВТОРИЧНАЯ ОТВЕТСТВЕННОСТЬ
Начальный элемент ввода Иванова
Часть имени, кроме начального элемента ввода О. В.
Код отношения Редактор
712 01 - НАИМЕНОВАНИЕ ОРГАНИЗАЦИИ - ВТОРИЧНАЯ ОТВЕТСТВЕННОСТЬ
Код отношения Издатель
Начальный элемент ввода Петербург
Структурное подразделение Московский район. науч.-метод. центр упр. образованием
Идентификатор авторитетной/нормативной записи RU\NLR\AUTH\8810031478
Системный номер авторитетной/нормативной записи 561581
801 #0 - ИСТОЧНИК ЗАПИСИ
Страна Российская Федерация
Организация RKP
Дата составления 20010316
Правила каталогизации PSBO
801 #1 - ИСТОЧНИК ЗАПИСИ
Страна Российская Федерация
Организация RKP
Дата составления 20010316
801 #2 - ИСТОЧНИК ЗАПИСИ
Страна Российская Федерация
Организация NLR
Дата составления 20050617
Правила каталогизации rcr
942 ## - ДОПОЛНИТЕЛЬНЫЕ ЭЛЕМЕНТЫ ЗАПИСИ (АБИС)
Тип экземпляра АБИС Книга
980 ## - КОЛЛЕКЦИЯ
Название коллекции Национальная библиография
Экземпляры
Тип экземпляра Дата поступления Источник поступления Библиотека постоянного хранения Библиотека текущего хранения Место хранения Штрих-код Статус экземпляра Шифр хранения
Книга 27.10.2003 Дар РНБ (Московский) РНБ (Московский) Резервный фонд 574430    
Книга 28.05.2001 Обязательный экземпляр РНБ (Московский) РНБ (Московский) Русский книжный фонд: издания с 1957 года 1-1403144   2001-5/1344
Книга 28.05.2001 Обязательный экземпляр РНБ (Московский) РНБ (Московский) Русский книжный фонд: издания с 1957 года 126634   2001-5/1344
Книга 14.06.2001 Подсобные фонды РНБ РНБ (Московский) РНБ (Московский) Неопределен, для заказа не доступен, в ЭК виден 131815